European Football's Top 21 U-21 players according to ESPN - Statistics

General Stats
  • This quiz has been taken 50 times
  • The average score is 10 of 21
Answer Stats
Rank Player Club % Correct
1 Dele Alli Tottenham Hotspur
91%
14 Kylian Mbappe AS Monaco
76%
2 Marco Asensio Real Madrid
71%
16 Marcus Rashford Manchester United
71%
6 Moussa Dembele Celtic
69%
7 Ousmane Dembele Borussia Dortmund
69%
21 Timo Werner RB Leipzig
56%
13 Anthony Martial Manchester United
53%
9 Gianluigi Donnarumma AC Milan
53%
3 Julian Brandt Bayer Leverkusen
51%
18 Leroy Sane Manchester City
47%
15 Christian Pulisic Borussia Dortmund
42%
10 Gabriel Jesus Manchester City
42%
17 Renato Sanches Bayern Munich
42%
5 Kingsley Coman Bayern Munich
40%
11 Thomas Lemar AS Monaco
40%
8 Kasper Dolberg Ajax
27%
4 Dani Ceballos Real Madrid
20%
20 Julian Weigl Borussia Dortmund
20%
12 Thiago Maia Lille
16%
19 Youri Tielemens AS Monaco
7%
No matching quizzes found
Score Distribution
Percent of People with Each Score
Percentile by Number Answered
Your Score History
You have not taken this quiz